000 00973nam a2200277 i 4500
001 8438
003 KOSZ 005
005 20191106115223.0
008 070620s1969 pl a f 001 0 pol
015 _aPB 1969/5036
040 _aWA N
_cKOSZ 005/KK
_dKOSZ 005/KK
041 1 _apol
_hfre
080 _a621.318
100 1 _aCastello, Pierre.
_eAutor.
245 1 0 _aWstęp do układów przełączających /
_cP. Castello ; tł. Bogdan Galiński.
246 1 _iTyt. oryg.:
_aClé des schémas électriques.
260 _aWarszawa :
_bWydawnictwa Naukowo-Techniczne,
_c1969.
300 _a230, [1] s. :
_bil. ;
_c23 cm.
380 _aKsiążki.
504 _aBibliogr. s.[227]. Indeks.
650 4 _aPrzekaźniki
710 2 _aWydawnictwa Naukowo-Techniczne
_4pbl.
700 1 _aGaliński, Bogdan
_eTłumaczenie
856 _uhttp://koha.tu.koszalin.pl/cgi-bin/koha/opac-detail.pl?biblionumber=8438
_yKatalog online BPK
942 _2UKD
_cKS
999 _c8438
_d8438